LEADER 01963nam--2200541---450- 001 990000677260203316 005 20081216093402.0 010 $a0-8214-0955-7$b(vol. 1) 010 $a0-8214-0984-0$b(vol. 2) 010 $a0-8214-1014-8$b(vol. 3) 010 $a0-8214-1054-7$b(vol. 4) 010 $a0-8214-1067-9$b(vol. 5) 010 $a0-8214-1098-9$b(vol. 6) 010 $a0-8214-1123-3$b(vol. 7) 010 $a0-8214-1144-6$b(vol. 8) 010 $a0-8214-1166-7$b(vol. 9) 035 $a0067726 035 $aUSA010067726 035 $a(ALEPH)000067726USA01 035 $a0067726 100 $a20011015g19901997km-y0itay50------ba 101 0 $aeng 102 $aUS 105 $aa|||z|||001yy 200 1 $a<> collected letters of George Gissing$fPaul F. Mattheisen, Arthur C. Young, Pierre Coustillas editors 210 $aAthens (Ohio)$cOhio University Press$d1990-1997 215 $a9 v.$cill.$d24 cm 327 $a: 1863-1880$a: 1881-1885$a: 1886-1888$a: 1889-1891$a: 1892-1895$a: 1895-1897$a: 1897-1899$a: 1900-1902$a: 1902-1903 676 $a823.8 700 1$aGISSING,$bGeorge$0321195 702 1$aMATTHEISEN,$bPaul F. 702 1$aYOUNG,$bArthur C. 702 1$aCOUSTILLAS,$bPierre 801 0$aIT$bsalbc$gISBD 912 $a990000677260203316 951 $aVII.3.A. 1550/1(II i A 972/I)$b114452 L.M.$cVII.3. 951 $aVII.3.A. 1550/2(II i A 972/II)$b114453 L.M.$cVII.3. 951 $aVII.3.A. 1550/3(II i A 972/III)$b114454 L.M.$cVII.3. 959 $aBK 969 $aUMA 979 $aPATTY$b90$c20011015$lUSA01$h1833 979 $c20020403$lUSA01$h1717 979 $aPATRY$b90$c20040406$lUSA01$h1647 979 $aCOPAT2$b90$c20050713$lUSA01$h1251 979 $aANNAMARIA$b90$c20081216$lUSA01$h0921 979 $aANNAMARIA$b90$c20081216$lUSA01$h0934 996 $aCollected letters of George Gissing$9961191 997 $aUNISA LEADER 00885nam a2200265 i 4500 001 991002252789707536 005 20020508193046.0 008 931004s1993 it ||| | ita 020 $a8809501101 035 $ab10981615-39ule_inst 035 $aPARLA158176$9ExL 040 $aDip.to Filosofia$bita 082 0 $a575.00924 100 1 $aMilano, Elena$0538500 245 10$aCharles Darwin /$cElena Milano 260 $aTeramo :$bLisciani & Giunti,$cc1993 300 $a125 p. ;$c19 cm. 490 0 $aConoscere i protagonisti / Giunti & Lisciani 650 4$aDarwin, Charles 907 $a.b10981615$b23-02-17$c28-06-02 912 $a991002252789707536 945 $aLE005 MF 13 M 4$g1$i2005000226076$lle005$o-$pE0.00$q-$rl$s- $t0$u1$v1$w1$x0$y.i11094369$z28-06-02 996 $aCharles Darwin$9865038 997 $aUNISALENTO 998 $ale005$b01-01-93$cm$da $e-$fita$git $h0$i1